Stephen Amell Filmography - Statistics

General Stats
  • This quiz has been taken 21 times
    4 since last reset
  • The average score is 23 of 57
Answer Stats
Type Year Name % Correct
TV Show 2012-2020 Arrow
100%
Film 2016 Teenage Mutant Ninja Turtles: Out of the Shadows
100%
TV Show 2019 Batwoman
67%
Short Film 2016 Code 8
67%
Film 2019 Code 8
67%
TV Show 2016-2020 DC's Legends of Tomorrow
67%
TV Show 2021-2023 Heels
67%
TV Show 2017, 2018, 2019 Supergirl
67%
TV Show 2014-2023 The Flash
67%
Web Series 2015-2016 Vixen
67%
Film 2017 Vixen: The Movie
67%
Film TBA 86
33%
TV Show 2011 90210
33%
TV Show 2021 All Elite Wrestling: Dynamite
33%
Documentary 2023 American Nightmare: Becoming Cody Rhodes
33%
TV Show 2017 American Ninja Warrior
33%
TV Show 2005 Beautiful People
33%
TV Show 2010 Blue Mountain State
33%
Film 2024 Calamity Jane
33%
Film 2007 Closing the Ring
33%
Film 2024 Code 8: Part II
33%
TV Show 2011 CSI: Crime Scene Investigation
33%
TV Show 2010 CSI: Miami
33%
TV Show 2007, 2008, 2009 Da Kink in My Hair
33%
TV Show 2005 Dante's Cove
33%
TV Show 2004 Degrassi: The Next Generation
33%
Web Series 2015 Dudes Being Dudes in Wine Country
33%
TV Show 2009 Flashpoint
33%
TV Show 2007-2010 Heartland
33%
TV Show 2011 Hung
33%
Video Game 2013 Injustice: Gods Among Us
33%
TV Film 2011 Justice for Natalee Holloway
33%
Video Game 2014 Lego Batman 3: Beyond Gotham
33%
Film 2025 Little Lorraine
33%
Short Film 2018 Mi Madre, My Father
33%
TV Show 2005 Missing
33%
TV Show 2010 NCIS: Los Angeles
33%
TV Show 2011, 2012 New Girl
33%
TV Show 2012 Private Practice
33%
TV Show 2004 Queer as Folk
33%
Documentary Series 2015 Reelside
33%
TV Show 2007 ReGenesis
33%
TV Show 2006-2008 Rent-a-Goalie
33%
Film 2009 Screamers: The Hunting
33%
Short Film 2020 Speech & Debate
33%
Short Film 2021 Speech & Debate: Legacy
33%
Short Film 2020 Speech & Debate: The Aftermath
33%
Short Film 2011 Stay with Me
33%
TV Show 2025 Suits LA
33%
Web Mini-Series TBA The Borderline
33%
TV Film 2010 The Cutting Edge: Fire and Ice
33%
TV Film 2006 The House Next Door
33%
Film 2007 The Tracey Fragments
33%
TV Show 2011 The Vampire Diaries
33%
TV Show 2005 Tilt
33%
TV Film 2013 When Calls the Heart
33%
TV Show 2015, 2025 WWE Raw
33%
No matching quizzes found
Score Distribution
Percent of People with Each Score
Percentile by Number Answered
Your Score History
You have not taken this quiz since the last reset